000 00783nam a2200217Ia 4500
003 IN-BaIIA
008 211028s9999 xx 000 0 eng d
020 _a2-86332-112-9
040 _cIIA Library
080 _a523.44
_bINT
245 0 _aInterrelations between physics and dynamics for minor bodies in the solar system
_bComptes rendus de la Quinzieme Ecole de Printemps d'Astrophysique de Goutelas (france), 29 April-04 May,1991
_cedited by Daniel Benest and Clauder Froeschle
260 _aGif-sur-Yvette
_bEditions Frontiers
_c1992
300 _a651p.
650 _aAstronomy and astrophysics thesaurus
650 _aComets
_9755
650 _aMeteors
650 _aMinor planets
_91374
650 _aRings
_95153
700 _aFroeschle, Claude., ed.
_919435
942 _cBK
999 _c11319
_d11319